<?xml version="1.0" encoding="UTF-8"?>
<record
    xmlns:xsi="http://www.w3.org/2001/XMLSchema-instance"
    xsi:schemaLocation="http://www.loc.gov/MARC21/slim http://www.loc.gov/standards/marcxml/schema/MARC21slim.xsd"
    xmlns="http://www.loc.gov/MARC21/slim">

  <leader>01409cam a2200289   4500</leader>
  <controlfield tag="001">gs 67000218 </controlfield>
  <controlfield tag="003">DLC</controlfield>
  <controlfield tag="005">20260227111421.0</controlfield>
  <controlfield tag="008">690430s1966    nmuab    b    00010 eng c</controlfield>
  <datafield tag="010" ind1=" " ind2=" ">
    <subfield code="a">gs 67000218 //r933</subfield>
  </datafield>
  <datafield tag="040" ind1=" " ind2=" ">
    <subfield code="a">U.S. Geol. Survey. Library</subfield>
    <subfield code="c">DLC</subfield>
    <subfield code="d">DLC</subfield>
  </datafield>
  <datafield tag="043" ind1=" " ind2=" ">
    <subfield code="a">n-us-nm</subfield>
  </datafield>
  <datafield tag="100" ind1="1" ind2="0">
    <subfield code="a">Berkstresser, Charles F.,</subfield>
    <subfield code="d">1923-</subfield>
  </datafield>
  <datafield tag="245" ind1="1" ind2="0">
    <subfield code="a">Ground-water resources and geology of Quay County, New Mexico,</subfield>
    <subfield code="c">by Charles F. Berkstresser, Jr. [and] Walter A. Mourant.</subfield>
  </datafield>
  <datafield tag="260" ind1="0" ind2=" ">
    <subfield code="a">Socorro,</subfield>
    <subfield code="b">State Bureau of Mines and Mineral Resources, New Mexico Institute of Mining &amp; Technology,</subfield>
    <subfield code="c">1966.</subfield>
  </datafield>
  <datafield tag="300" ind1=" " ind2=" ">
    <subfield code="a">115 p.</subfield>
    <subfield code="b">(chiefly tables) illus., maps (2 col.)</subfield>
    <subfield code="c">23 cm.</subfield>
  </datafield>
  <datafield tag="490" ind1="1" ind2=" ">
    <subfield code="a">New Mexico. State Bureau of Mines and Mineral Resources. Ground-water report 9</subfield>
  </datafield>
  <datafield tag="500" ind1=" " ind2=" ">
    <subfield code="a">U.S. Geological Survey in co-operation with the New Mexico Institute of Mining and Technology, State Bureau of Mines and Mineral Resources, and the New Mexico State Engineer.</subfield>
  </datafield>
  <datafield tag="500" ind1=" " ind2=" ">
    <subfield code="a">Part of illustrative matter folded in pocket.</subfield>
  </datafield>
  <datafield tag="504" ind1=" " ind2=" ">
    <subfield code="a">Bibliography: p. 23.</subfield>
  </datafield>
  <datafield tag="650" ind1=" " ind2="0">
    <subfield code="a">Groundwater</subfield>
    <subfield code="z">New Mexico</subfield>
    <subfield code="z">Quay County.</subfield>
  </datafield>
  <datafield tag="650" ind1=" " ind2="0">
    <subfield code="a">Water-supply</subfield>
    <subfield code="z">New Mexico</subfield>
    <subfield code="z">Quay County.</subfield>
  </datafield>
  <datafield tag="650" ind1=" " ind2="0">
    <subfield code="a">Geology</subfield>
    <subfield code="z">New Mexico</subfield>
    <subfield code="z">Quay County.</subfield>
  </datafield>
  <datafield tag="700" ind1="1" ind2="0">
    <subfield code="a">Mourant, Walter Arthur,</subfield>
    <subfield code="d">1913-</subfield>
    <subfield code="e">joint author.</subfield>
  </datafield>
  <datafield tag="710" ind1="2" ind2="0">
    <subfield code="a">Geological Survey (U.S.)</subfield>
  </datafield>
  <datafield tag="810" ind1="1" ind2=" ">
    <subfield code="a">New Mexico.</subfield>
    <subfield code="b">Bureau of Mines and Mineral Resources.</subfield>
    <subfield code="t">Ground-water report</subfield>
    <subfield code="v">9</subfield>
  </datafield>
  <datafield tag="999" ind1=" " ind2=" ">
    <subfield code="c">30337</subfield>
    <subfield code="d">30337</subfield>
  </datafield>
</record>
